000 00497nam a2200193 a 4500
001 1772625972308
003 YourLibrary
005 20260304173725.0
008 260304s1998##################000#0#eng##
020 _a9780333720677
082 0 4 _a327.47
_bCOO
100 1 _aCooper, L.,
_eauthor.
245 1 0 _aRussia and the World :
260 _bPalgrave Macmillan,
_c1998.
300 _a222 pages
650 0 _aPolitical Science.
942 _cENGLISH
040 _aYourLibrary
_beng
_cYourLibrary
999 _c616948
_d616948